000 00820nam a22002297a 4500
999 _c3324
_d3324
003 AR-CdUCM
008 190306b ||||| |||| 00| 0 spa d
040 _aMUNICIPALIDAD PROVINCIAL DEL CUSCO
_cBIBLIOTECA MUNICIPAL DEL CUSCO
082 _a465 /
_bM295
100 _aManya, Juan Antonio
_911042
245 _aApuntes de la nueva gramática castellana literatura /
260 _aCusco :
_bCosmos,
300 _a90 paginas ;
_c21 cm.
500 _aDedicatoria.
505 _aParte fonológica -- La gramática y sus partes -- Morfología -- Sintaxis -- Cualidades de la palabra...
650 _aGramatica
_99175
650 _aLiteratura peruana
_97175
650 _aSonidos articulados
_911043
710 _aInstituto lingüístico y folclórico quechua y aymara,
_911044
942 _2ddc
_cLIBROS
945 _awnts